System identification: theory for the user
محفوظ في:
| المؤلف الرئيسي: | |
|---|---|
| التنسيق: | كتاب |
| اللغة: | الإنجليزية |
| منشور في: |
Upper Saddle River
Prentice Hall PTR
1999
|
| الطبعة: | 2a. ed |
| سلاسل: | Prentice Hall Information and System Sciences Series
|
| الموضوعات: | |
| الوسوم: |
إضافة وسم
لا توجد وسوم, كن أول من يضع وسما على هذه التسجيلة!
|
MARC
| LEADER | 00000cam a2200000 a 4500 | ||
|---|---|---|---|
| 001 | UCF8424 | ||
| 003 | CL-VaPUC | ||
| 008 | 130829e19990000us |||||||||||||||||eng|d | ||
| 020 | |a 9780136566953 | ||
| 082 | 0 | 4 | |a 003.1 |b LJU |2 21 |
| 100 | |a Ljung, Lennart |e autor |9 570497 | ||
| 245 | 1 | 0 | |a System identification: theory for the user |
| 250 | |a 2a. ed | ||
| 300 | |a 609 p | ||
| 942 | |c BK | ||
| 945 | |d 20130829 16:45:00 |a dcastane | ||
| 260 | |a Upper Saddle River |b Prentice Hall PTR |c 1999 | ||
| 650 | 0 | |a Análisis de sistemas |9 260059 | |
| 650 | 0 | |a Ingeniería de sistemas |9 261019 | |
| 650 | 0 | |a Teoría de sistemas |9 260742 | |
| 583 | |a last modification |c 20130829 16:45:00 |k Rodrigo Vera | ||
| 490 | 0 | |a Prentice Hall Information and System Sciences Series | |
| 999 | |c 352996 |d 352994 | ||
| 952 | |0 0 |1 0 |3 erd |4 0 |6 003_100000000000000_LJU_1999 |7 0 |8 A |9 457816 |a BIBING |b BIBING |d 2019-11-23 |i 5000157 |o 003.1 LJU 1999 |p 5000157 |r 2024-01-25 |w 2019-11-23 |y BK |z Catalogado en:20130829 |k EIE | ||